कुळवाडीभूषण शिवराय (Record no. 38375)

MARC details
000 -LEADER
fixed length control field 00484nam a2200181Ia 4500
008 - FIXED-LENGTH DATA ELEMENTS--GENERAL INFORMATION
fixed length control field 220531s9999 xx 000 0 und d
041 ## - LANGUAGE CODE
Language code of text/sound track or separate title mar
100 ## - MAIN ENTRY--PERSONAL NAME
Personal name देशमुख श्री.
9 (RLIN) 68287
245 ## - TITLE STATEMENT
Title कुळवाडीभूषण शिवराय
250 ## - EDITION STATEMENT
Edition statement 1ST
260 ## - PUBLICATION, DISTRIBUTION, ETC. (IMPRINT)
Place of publication, distribution, etc. Pune
Name of publisher, distributor, etc. Harmis
Date of publication, distribution, etc. 2013
300 ## - PHYSICAL DESCRIPTION
Extent 132
542 ## - INFORMATION RELATING TO COPYRIGHT STATUS
Copyright holder 08-01-2015
551 ## -
-- Marathi
-- Ugc-MRA
650 ## - SUBJECT ADDED ENTRY--TOPICAL TERM
Topical term or geographic name as entry element History
9 (RLIN) 68288
906 ## - LOCAL DATA ELEMENT F, LDF (RLIN)
d 2014-2015
f 4095
Holdings
Withdrawn status Lost status Source of classification or shelving scheme Damaged status Not for loan Collection code Home library Current library Date acquired Vendor Cost, normal purchase price Total Checkouts Total Holds Full call number Barcode Date last seen Bill Date Koha item type Original Barcode
    Dewey Decimal Classification       Shri Siddhivinayak Mahila Mahavidyalaya Shri Siddhivinayak Mahila Mahavidyalaya 08/01/2015 Hariti 130.00   1 /-/B/19743 SSMM-BK-19743 06/08/2022 06/08/2022 Books 010019743